[Event "CrunchLab Masters PlayIn"]
[Site "Chess.com INT"]
[Date "2024.07.17"]
[Round "6"]
[White "Jumabayev, Rinat"]
[Black "Yang, Kaiqi"]
[Result "1/2-1/2"]
[WhiteElo "2565"]
[BlackElo "2481"]
[PlyCount "174"]
[GameId "2070292885970944"]
[EventDate "2024.07.17"]
[EventType "swiss (rapid)"]
[EventRounds "9"]
[EventCountry "USA"]
[SourceTitle "CBM 221 Extra"]
[Source "ChessBase"]
[SourceDate "2024.09.30"]
[SourceVersion "1"]
[SourceVersionDate "2024.09.30"]
[SourceQuality "1"]

1. Nf3 Nf6 2. c4 g6 3. g3 Bg7 4. Bg2 O-O 5. O-O d6 6. d4 Nc6 7. Nc3 e5 8. d5 Nb8 9. e4 a5 10. Ne1 Na6 11. Nd3 Nd7 12. f4 exf4 13. Bxf4 Nac5 14. Nxc5 Nxc5 15. Re1 Re8 16. Qd2 Bd7 17. Bg5 Bf6 18. Bh6 Re5 19. Bf4 Re8 20. Re2 Be5 21. Rae1 Rb8 22. Be3 b5 23. Bxc5 dxc5 24. cxb5 Bxb5 25. Nxb5 Rxb5 26. b3 Kg7 27. Qc1 Qd6 28. Kh1 h5 29. Rc2 Bd4 30. Bf3 Re5 31. Kg2 Rb8 32. Qd2 h4 33. gxh4 Qf6 34. Rf1 Qxh4 35. Qe1 Qf4 36. h4 Rh8 37. Rh1 f5 38. Re2 Rhe8 39. Qg3 Qxg3+ 40. Kxg3 fxe4 41. Bg2 Rxd5 42. Rxe4 Rxe4 43. Bxe4 Re5 44. Kf3 Kh6 45. Rh2 Re6 46. Rg2 Rf6+ 47. Ke2 Kh5 48. Kd3 Kxh4 49. Bxg6 Kh3 50. Be4 Rf2 51. Rg6 Rxa2 52. Rc6 Rb2 53. Kc4 a4 54. bxa4 Rb4+ 55. Kd5 Rxa4 56. Rxc7 Kg3 57. Rc8 Ra5 58. Rf8 Ra7 59. Rf3+ Kg4 60. Rf1 Kg5 61. Rf8 Kg4 62. Bd3 Re7 63. Bf5+ Kg3 64. Be6 Rc7 65. Ke4 Re7 66. Kd5 Rc7 67. Kc4 Rg7 68. Bd5 Rg5 69. Be4 Rg4 70. Kd3 Rf4 71. Rg8+ Rg4 72. Rf8 Rf4 73. Rg8+ Rg4 74. Ra8 Kf4 75. Rf8+ Ke5 76. Re8+ Kd6 77. Rd8+ Kc7 78. Ra8 Rf4 79. Ra7+ Kb6 80. Rb7+ Ka6 81. Rb1 Rh4 82. Bb7+ Ka7 83. Kc4 Bb2+ 84. Kxc5 Kxb7 85. Rxb2+ Kc7 86. Rg2 Rh5+ 87. Kd4 Rh4+ 1/2-1/2

[Event "CrunchLab Masters PlayIn"]
[Site "Chess.com INT"]
[Date "2024.07.17"]
[Round "7"]
[White "Yang, Kaiqi"]
[Black "Lupulescu, Constantin"]
[Result "0-1"]
[WhiteElo "2481"]
[BlackElo "2583"]
[PlyCount "71"]
[GameId "2070292886233088"]
[EventDate "2024.07.17"]
[EventType "swiss (rapid)"]
[EventRounds "9"]
[EventCountry "USA"]
[SourceTitle "CBM 221 Extra"]
[Source "ChessBase"]
[SourceDate "2024.09.30"]
[SourceVersion "1"]
[SourceVersionDate "2024.09.30"]
[SourceQuality "1"]

1. d4 Nf6 2. c4 e6 3. g3 d5 4. Bg2 dxc4 5. Qa4+ Nbd7 6. Nf3 a6 7. Qxc4 b5 8. Qc2 Bb7 9. a4 b4 10. O-O c5 11. Bg5 Rc8 12. Qd3 c4 13. Qd1 h6 14. Bxf6 Nxf6 15. Nbd2 c3 16. bxc3 Rxc3 17. Rc1 Rxc1 18. Qxc1 Bd6 19. Nb3 O-O 20. Nc5 Bxc5 21. dxc5 Qc7 22. Qc4 a5 23. Nd4 Bxg2 24. Kxg2 e5 25. Nb3 Qc6+ 26. f3 Ra8 27. Rd1 e4 28. Qb5 Qe6 29. Nxa5 Nd5 30. Rd4 exf3+ 31. exf3 Rxa5 32. Qxa5 Qe2+ 33. Kh3 Ne3 34. Qa8+ Kh7 35. Qe4+ f5 36. Rd1 0-1

[Event "CrunchLab Masters PlayIn"]
[Site "Chess.com INT"]
[Date "2024.07.17"]
[Round "8"]
[White "Pinero Rodriguez, Carlos Jose"]
[Black "Yang, Kaiqi"]
[Result "0-1"]
[WhiteElo "2284"]
[BlackElo "2481"]
[PlyCount "56"]
[GameId "2070292886253568"]
[EventDate "2024.07.17"]
[EventType "swiss (rapid)"]
[EventRounds "9"]
[EventCountry "USA"]
[SourceTitle "CBM 221 Extra"]
[Source "ChessBase"]
[SourceDate "2024.09.30"]
[SourceVersion "1"]
[SourceVersionDate "2024.09.30"]
[SourceQuality "1"]

1. e4 c5 2. Nf3 Nf6 3. e5 Nd5 4. Nc3 Nxc3 5. dxc3 Nc6 6. Bf4 Qb6 7. b3 Qc7 8. Bd3 e6 9. Qe2 h6 10. h4 b6 11. Bg3 Bb7 12. a4 d5 13. h5 Be7 14. O-O Na5 15. Bb5+ Bc6 16. Nh2 O-O-O 17. Rfb1 d4 18. b4 cxb4 19. cxb4 Bxb5 20. Qxb5 Rd5 21. Qa6+ Qb7 22. Qd3 Nc6 23. Nf3 Kb8 24. c4 dxc3 25. Qxc3 Rc8 26. b5 Nd4 27. Qe3 Bc5 28. Qf4 Ne2+ 0-1

[Event "CrunchLab Masters PlayIn"]
[Site "Chess.com INT"]
[Date "2024.07.17"]
[Round "9"]
[White "Kantor, Gergely"]
[Black "Yang, Kaiqi"]
[Result "1-0"]
[WhiteElo "2520"]
[BlackElo "2481"]
[PlyCount "57"]
[GameId "2070292886462464"]
[EventDate "2024.07.17"]
[EventType "swiss (rapid)"]
[EventRounds "9"]
[EventCountry "USA"]
[SourceTitle "CBM 221 Extra"]
[Source "ChessBase"]
[SourceDate "2024.09.30"]
[SourceVersion "1"]
[SourceVersionDate "2024.09.30"]
[SourceQuality "1"]

1. e4 c5 2. Nf3 Nf6 3. e5 Nd5 4. Nc3 Nxc3 5. dxc3 Nc6 6. Bc4 e6 7. Qe2 a6 8. Bg5 Qc7 9. a4 h6 10. Bh4 b6 11. O-O Bb7 12. Rfe1 g5 13. Bg3 Be7 14. Nd2 h5 15. h3 Na5 16. Bd3 d5 17. exd6 Bxd6 18. Bxd6 Qxd6 19. Be4 O-O-O 20. Bxb7+ Kxb7 21. Ne4 Qc6 22. b4 cxb4 23. cxb4 Nc4 24. b5 axb5 25. axb5 Qd5 26. Nc3 Qd4 27. Qf3+ Kb8 28. Ra8+ Kc7 29. Qc6# 1-0

[Event "Titled Tuesday intern op 23rd Jul Early"]
[Site "Chess.com INT"]
[Date "2024.07.23"]
[Round "8"]
[White "Yang, Kaiqi"]
[Black "Hernandez Guerrero, Gilberto Eduardo"]
[Result "1/2-1/2"]
[WhiteElo "2481"]
[BlackElo "2506"]
[PlyCount "153"]
[GameId "2072788612280320"]
[EventDate "2024.07.23"]
[EventType "swiss (blitz)"]
[EventRounds "11"]
[EventCountry "USA"]
[SourceTitle "EXT 2025"]
[Source "ChessBase"]
[SourceDate "2024.10.14"]
[SourceVersion "1"]
[SourceVersionDate "2024.10.14"]
[SourceQuality "1"]

1. c4 g6 2. Nf3 Bg7 3. g3 d6 4. Bg2 e5 5. O-O Nf6 6. Nc3 O-O 7. d4 Nbd7 8. e4 exd4 9. Nxd4 Nc5 10. h3 Re8 11. Re1 h6 12. Bf4 a5 13. Rc1 a4 14. b4 axb3 15. axb3 Ne6 16. Be3 Ng5 17. Bxg5 hxg5 18. Ndb5 g4 19. h4 Be6 20. Nd5 c6 21. Nxf6+ Qxf6 22. Nxd6 Ra2 23. Rc2 Rxc2 24. Qxc2 Rb8 25. e5 Qd8 26. c5 Qc7 27. b4 Ra8 28. b5 Ra2 29. Qe4 Qa5 30. bxc6 bxc6 31. Rc1 Qa3 32. Qe3 Bxe5 33. Qxa3 Rxa3 34. Bxc6 Ra2 35. Bb7 Bd4 36. Ne4 Bf5 37. Rc4 Bxe4 38. Bxe4 Bxf2+ 39. Kf1 Bxg3 40. h5 gxh5 41. c6 Bc7 42. Rb4 Ra7 43. Rb5 Kg7 44. Rxh5 g3 45. Kg2 Ra2+ 46. Kf3 Rf2+ 47. Ke3 Bb6+ 48. Kd3 Kf6 49. Rb5 Bc7 50. Rb7 Be5 51. c7 Bxc7 52. Rxc7 g2 53. Bxg2 Rxg2 54. Ke3 Rg5 55. Rc4 Re5+ 56. Kf3 Rf5+ 57. Ke3 Re5+ 58. Kf3 Rf5+ 59. Ke3 Kg5 60. Ra4 f6 61. Rb4 Rf1 62. Ke2 Rf4 63. Rb3 Kg4 64. Rc3 f5 65. Rb3 Kh4 66. Rc3 Kg4 67. Rb3 Ra4 68. Kf2 Ra2+ 69. Kf1 f4 70. Rc3 Rb2 71. Ra3 f3 72. Ra8 Kg3 73. Rg8+ Kf4 74. Rf8+ Kg3 75. Rg8+ Kf4 76. Rf8+ Kg3 77. Rg8+ 1/2-1/2

[Event "Titled Tuesday intern op 23rd Jul Early"]
[Site "Chess.com INT"]
[Date "2024.07.23"]
[Round "10"]
[White "Yang, Kaiqi"]
[Black "Fabris, Alberto"]
[Result "1-0"]
[WhiteElo "2481"]
[BlackElo "2230"]
[PlyCount "93"]
[GameId "2072788613640192"]
[EventDate "2024.07.23"]
[EventType "swiss (blitz)"]
[EventRounds "11"]
[EventCountry "USA"]
[SourceTitle "EXT 2025"]
[Source "ChessBase"]
[SourceDate "2024.10.14"]
[SourceVersion "1"]
[SourceVersionDate "2024.10.14"]
[SourceQuality "1"]

1. c4 e5 2. Nc3 Nf6 3. Nf3 Nc6 4. g3 Bb4 5. Bg2 O-O 6. O-O Re8 7. Nd5 Bc5 8. d3 d6 9. Bg5 Nd4 10. Bxf6 gxf6 11. e3 Nf5 12. Nd2 c6 13. Nc3 Be6 14. Nde4 Bb6 15. Qh5 d5 16. cxd5 cxd5 17. Nxd5 Bxd5 18. Qxf5 Kg7 19. Qg4+ Kh8 20. Qh4 Kg7 21. Qg4+ Kh8 22. Qf5 Kg7 23. Rac1 Be6 24. Qh5 Qe7 25. Bh3 Rac8 26. Bf5 Bxf5 27. Qxf5 Rc6 28. Rxc6 bxc6 29. Rc1 c5 30. Rc4 Rd8 31. Nxf6 Qxf6 32. Rg4+ Qg6 33. Qxe5+ Kg8 34. Rxg6+ hxg6 35. Qe4 Kf8 36. h4 Re8 37. Qc4 Kg7 38. a4 Rb8 39. Qc3+ Kg8 40. a5 Bd8 41. Qxc5 Bf6 42. b4 a6 43. Qc6 Bg7 44. Qxa6 Rxb4 45. Qc8+ Kh7 46. a6 Ra4 47. Qb7 1-0

[Event "Titled Tuesday intern op 23rd Jul Early"]
[Site "Chess.com INT"]
[Date "2024.07.23"]
[Round "11"]
[White "Yang, Kaiqi"]
[Black "Yagupov, Igor"]
[Result "1/2-1/2"]
[WhiteElo "2481"]
[BlackElo "2232"]
[PlyCount "68"]
[GameId "2072788614483968"]
[EventDate "2024.07.23"]
[EventType "swiss (blitz)"]
[EventRounds "11"]
[EventCountry "USA"]
[SourceTitle "EXT 2025"]
[Source "ChessBase"]
[SourceDate "2024.10.14"]
[SourceVersion "1"]
[SourceVersionDate "2024.10.14"]
[SourceQuality "1"]

1. e4 e5 2. Nf3 Nc6 3. Bc4 Bc5 4. c3 Nf6 5. d3 a6 6. a4 h6 7. O-O d6 8. Re1 O-O 9. h3 Ba7 10. Na3 Ne7 11. d4 Ng6 12. Ba2 Qe7 13. Nc4 Be6 14. dxe5 dxe5 15. Qc2 Rad8 16. Ne3 Bxa2 17. Rxa2 Nf4 18. Nf5 Qe6 19. Bxf4 Qxa2 20. Bxe5 Ne8 21. c4 f6 22. Bf4 Nd6 23. Bxd6 cxd6 24. N3h4 Rfe8 25. Qe2 Qxa4 26. Qg4 Qd7 27. Nxh6+ Kh8 28. N6f5 g5 29. Qh5+ Qh7 30. Ng6+ Kg8 31. Nh6+ Kg7 32. Nf5+ Kg8 33. Nh6+ Kg7 34. Nf5+ Kg8 1/2-1/2

[Event "Titled Tuesday intern op 30th Jul Early"]
[Site "Chess.com INT"]
[Date "2024.07.30"]
[Round "3"]
[White "Pichot, Alan"]
[Black "Yang, Kaiqi"]
[Result "1-0"]
[WhiteElo "2647"]
[BlackElo "2481"]
[PlyCount "119"]
[GameId "2075361424998400"]
[EventDate "2024.07.30"]
[EventType "swiss (blitz)"]
[EventRounds "11"]
[EventCountry "USA"]
[SourceTitle "EXT 2025"]
[Source "ChessBase"]
[SourceDate "2024.10.14"]
[SourceVersion "1"]
[SourceVersionDate "2024.10.14"]
[SourceQuality "1"]

1. e4 c6 2. Nf3 d5 3. Nc3 Bg4 4. h3 Bxf3 5. Qxf3 Nf6 6. d3 e6 7. g3 Bb4 8. Bd2 d4 9. Nb1 Bxd2+ 10. Nxd2 e5 11. Bg2 c5 12. O-O Nc6 13. Qe2 g5 14. a3 Qe7 15. Rab1 Nd7 16. Bf3 O-O-O 17. Bg4 Kb8 18. b4 Nb6 19. Rb3 Na4 20. Nc4 Nc3 21. Qd2 cxb4 22. axb4 h5 23. Bf5 a6 24. Ra1 Na7 25. Ra5 Nab5 26. Na3 h4 27. Nxb5 Nxb5 28. Kg2 Rh6 29. Qe2 Rb6 30. Qd2 f6 31. Ra1 Nc3 32. Bg4 Ka7 33. b5 Qc5 34. bxa6 bxa6 35. Rxb6 Qxb6 36. Qc1 Rb8 37. Qa3 Rb7 38. Qf8 Qc6 39. Bh5 Rb2 40. Be8 Qb7 41. Qc5+ Qb6 42. Qe7+ Kb8 43. Qf8 Ka7 44. Qf7+ Kb8 45. Bd7 Ra2 46. Rxa2 Nxa2 47. Qxa2 a5 48. Be6 Kc7 49. Bc4 Qb4 50. Qb3 Kb6 51. Qxb4+ axb4 52. gxh4 gxh4 53. Kf3 Ka5 54. Kg4 Ka4 55. Bb3+ Ka3 56. Kxh4 Kb2 57. Kg4 Kc3 58. f4 Kd2 59. fxe5 Ke2 60. exf6 1-0

[Event "Titled Tuesday intern op 30th Jul Early"]
[Site "Chess.com INT"]
[Date "2024.07.30"]
[Round "4"]
[White "Yang, Kaiqi"]
[Black "Matveeva, Olga"]
[Result "0-1"]
[WhiteElo "2481"]
[BlackElo "2136"]
[PlyCount "64"]
[GameId "2075361425850368"]
[EventDate "2024.07.30"]
[EventType "swiss (blitz)"]
[EventRounds "11"]
[EventCountry "USA"]
[SourceTitle "EXT 2025"]
[Source "ChessBase"]
[SourceDate "2024.10.14"]
[SourceVersion "1"]
[SourceVersionDate "2024.10.14"]
[SourceQuality "1"]

1. e4 c6 2. d4 d5 3. Nc3 dxe4 4. Nxe4 Nf6 5. Nxf6+ exf6 6. c3 Bd6 7. Bd3 O-O 8. Qc2 Re8+ 9. Ne2 h5 10. Be3 Nd7 11. O-O-O Nf8 12. Kb1 Be6 13. Nf4 Bxf4 14. Bxf4 Qd5 15. c4 Qxg2 16. Rhg1 Qf3 17. Bh6 Bg4 18. Be3 Rad8 19. Rde1 Ne6 20. h3 Qxh3 21. Qc3 Ng5 22. Rg3 Qh2 23. Reg1 Nf3 24. R1g2 Qh1+ 25. Kc2 Ne1+ 26. Kb3 Nxg2 27. Ka3 Nxe3 28. fxe3 Qd1 29. d5 cxd5 30. c5 Re6 31. Qd4 b6 32. Bh7+ Kxh7 0-1

[Event "Titled Tuesday intern op 30th Jul Early"]
[Site "Chess.com INT"]
[Date "2024.07.30"]
[Round "5"]
[White "Yang, Kaiqi"]
[Black "Palacio, Igor Da Paz"]
[Result "1-0"]
[WhiteElo "2481"]
[BlackElo "2172"]
[PlyCount "61"]
[GameId "2075361427075072"]
[EventDate "2024.07.30"]
[EventType "swiss (blitz)"]
[EventRounds "11"]
[EventCountry "USA"]
[SourceTitle "EXT 2025"]
[Source "ChessBase"]
[SourceDate "2024.10.14"]
[SourceVersion "1"]
[SourceVersionDate "2024.10.14"]
[SourceQuality "1"]

1. e4 d6 2. d4 Nf6 3. Nc3 g6 4. f4 Bg7 5. Nf3 O-O 6. Bd3 Nc6 7. d5 Nb4 8. O-O Nxd3 9. cxd3 e6 10. dxe6 Bxe6 11. Qe1 c6 12. f5 gxf5 13. Qh4 Ng4 14. Bg5 Qb6+ 15. Kh1 Qxb2 16. exf5 Bxf5 17. Ne4 f6 18. Bf4 Bxe4 19. dxe4 Ne5 20. Rab1 Qxa2 21. Rxb7 Rab8 22. Rxg7+ Kxg7 23. Nxe5 dxe5 24. Bh6+ Kh8 25. h3 Rb1 26. Rxb1 Qxb1+ 27. Kh2 Qb4 28. Qg4 Rg8 29. Qe6 Rg6 30. Qe8+ Rg8 31. Qf7 1-0

[Event "Titled Tuesday intern op 30th Jul Early"]
[Site "Chess.com INT"]
[Date "2024.07.30"]
[Round "6"]
[White "Mingo Fernandez, Matias"]
[Black "Yang, Kaiqi"]
[Result "0-1"]
[WhiteElo "2177"]
[BlackElo "2481"]
[PlyCount "68"]
[GameId "2075361428000768"]
[EventDate "2024.07.30"]
[EventType "swiss (blitz)"]
[EventRounds "11"]
[EventCountry "USA"]
[SourceTitle "EXT 2025"]
[Source "ChessBase"]
[SourceDate "2024.10.14"]
[SourceVersion "1"]
[SourceVersionDate "2024.10.14"]
[SourceQuality "1"]

1. d4 d5 2. Bf4 c5 3. e3 Nc6 4. c3 Bf5 5. Nd2 e6 6. Ngf3 Bd6 7. Bg3 Nge7 8. Qb3 Bxg3 9. hxg3 c4 10. Qd1 h6 11. Be2 b5 12. O-O Bh7 13. Qc1 O-O 14. Bd1 b4 15. Bc2 Bxc2 16. Qxc2 f5 17. Nh2 a5 18. g4 Qd6 19. Qd1 Rab8 20. Rb1 Rb7 21. Qc2 Rfb8 22. gxf5 exf5 23. Nhf3 Qe6 24. Nh4 g6 25. Nhf3 Nc8 26. g3 Nd6 27. Kg2 Ne4 28. Rh1 h5 29. Nxe4 fxe4 30. Nd2 Rf8 31. Rhf1 Rbf7 32. cxb4 Nxb4 33. Qc3 Nd3 34. Qxa5 Rxf2+ 0-1

[Event "Titled Tuesday intern op 06th Aug Early"]
[Site "Chess.com INT"]
[Date "2024.08.06"]
[Round "4"]
[White "Yang, Kaiqi"]
[Black "Lotero, Faiber"]
[Result "1-0"]
[WhiteElo "2481"]
[BlackElo "2127"]
[PlyCount "44"]
[GameId "2107989757529060"]
[EventDate "2024.08.06"]
[EventType "swiss (blitz)"]
[EventRounds "11"]
[EventCountry "USA"]
[SourceTitle "EXT 2025"]
[Source "ChessBase"]
[SourceDate "2024.10.14"]
[SourceVersion "1"]
[SourceVersionDate "2024.10.14"]
[SourceQuality "1"]

1. e4 e5 2. Nf3 Nf6 3. d4 Nxe4 4. Bd3 Nc6 5. dxe5 Nc5 6. O-O d6 7. Bb5 Bd7 8. Bg5 Be7 9. Bxe7 Nxe7 10. Bxd7+ Qxd7 11. exd6 Qxd6 12. Qxd6 cxd6 13. Nc3 O-O-O 14. Rad1 a6 15. Ng5 Rhf8 16. Nxh7 Rfe8 17. Ng5 Rf8 18. Rfe1 Nc6 19. Nd5 f6 20. Ne4 Rfe8 21. Nxd6+ Rxd6 22. Rxe8+ Kd7 1-0

[Event "Titled Tuesday intern op 06th Aug Early"]
[Site "Chess.com INT"]
[Date "2024.08.06"]
[Round "5"]
[White "Yang, Kaiqi"]
[Black "Vifleemskaia, Svetlana"]
[Result "0-1"]
[WhiteElo "2481"]
[BlackElo "1942"]
[PlyCount "110"]
[GameId "2107989757537531"]
[EventDate "2024.08.06"]
[EventType "swiss (blitz)"]
[EventRounds "11"]
[EventCountry "USA"]
[SourceTitle "EXT 2025"]
[Source "ChessBase"]
[SourceDate "2024.10.14"]
[SourceVersion "1"]
[SourceVersionDate "2024.10.14"]
[SourceQuality "1"]

1. e4 e5 2. Nf3 Nc6 3. Bc4 Nf6 4. d3 Be7 5. O-O O-O 6. Re1 d6 7. a4 Be6 8. Nbd2 Qd7 9. a5 a6 10. c3 h6 11. b4 Bxc4 12. Nxc4 Rfe8 13. h3 Bf8 14. Bd2 d5 15. exd5 Qxd5 16. Qe2 e4 17. dxe4 Rxe4 18. Ne3 Qh5 19. Nh2 Qxe2 20. Rxe2 Rd8 21. Nhf1 Rd3 22. Be1 Nd5 23. Rc2 Nxe3 24. Nxe3 g6 25. Kf1 Bg7 26. Rb1 f5 27. g3 Kf7 28. h4 h5 29. Ng2 Rd7 30. Nf4 Ne5 31. Kg2 Nc4 32. Nh3 Bf6 33. Nf4 Rde7 34. Rcc1 Rd7 35. f3 Re8 36. Bf2 Ne3+ 37. Bxe3 Rxe3 38. b5 Rxc3 39. Rxc3 Bxc3 40. bxa6 bxa6 41. Rb3 Bxa5 42. Ra3 Bb6 43. Rxa6 Rd2+ 44. Kh3 Rd1 45. Ng2 Rf1 46. Nf4 Rh1+ 47. Kg2 Rg1+ 48. Kh3 Rf1 49. Kg2 Rf2+ 50. Kh3 Rxf3 51. Ra4 Rf1 52. Rc4 Rf3 53. Kg2 Rf2+ 54. Kh3 Rd2 55. Rc6 Rd6 0-1

[Event "Titled Tuesday intern op 06th Aug Early"]
[Site "Chess.com INT"]
[Date "2024.08.06"]
[Round "6"]
[White "Kozlov, Denis1"]
[Black "Yang, Kaiqi"]
[Result "1-0"]
[WhiteElo "2099"]
[BlackElo "2481"]
[PlyCount "29"]
[GameId "2107989757545859"]
[EventDate "2024.08.06"]
[EventType "swiss (blitz)"]
[EventRounds "11"]
[EventCountry "USA"]
[SourceTitle "EXT 2025"]
[Source "ChessBase"]
[SourceDate "2024.10.14"]
[SourceVersion "1"]
[SourceVersionDate "2024.10.14"]
[SourceQuality "1"]

1. d4 d5 2. c4 c6 3. cxd5 cxd5 4. Bg5 Nc6 5. Nc3 f6 6. Bd2 Nxd4 7. e3 Nc6 8. Qh5+ g6 9. Qxd5 Qxd5 10. Nxd5 Kf7 11. Nf3 e5 12. Nc7 Rb8 13. Bc4+ Kg7 14. e4 Nd8 15. Ne8# 1-0

[Event "Titled Tuesday intern op 06th Aug Early"]
[Site "Chess.com INT"]
[Date "2024.08.06"]
[Round "7"]
[White "Yang, Kaiqi"]
[Black "Ferro, Mario"]
[Result "1-0"]
[WhiteElo "2481"]
[BlackElo "2235"]
[PlyCount "51"]
[GameId "2107989757558534"]
[EventDate "2024.08.06"]
[EventType "swiss (blitz)"]
[EventRounds "11"]
[EventCountry "USA"]
[SourceTitle "EXT 2025"]
[Source "ChessBase"]
[SourceDate "2024.10.14"]
[SourceVersion "1"]
[SourceVersionDate "2024.10.14"]
[SourceQuality "1"]

1. e4 g6 2. d4 Bg7 3. Nf3 a6 4. c4 d6 5. Nc3 Nc6 6. h3 e5 7. Be3 exd4 8. Nxd4 Nge7 9. Nc2 O-O 10. Qd2 f5 11. Be2 fxe4 12. g4 Ne5 13. Nxe4 Nf3+ 14. Bxf3 Rxf3 15. Nd4 Rf8 16. Ng5 Bxd4 17. Qxd4 Nc6 18. Qd5+ Kg7 19. h4 Bxg4 20. h5 gxh5 21. Rxh5 Qf6 22. Rxh7+ Kg6 23. Rh6+ Kxh6 24. Ne4+ Qf4 25. Bxf4+ Rxf4 26. Qg5+ 1-0

[Event "Titled Tuesday intern op 06th Aug Early"]
[Site "Chess.com INT"]
[Date "2024.08.06"]
[Round "9"]
[White "Yang, Kaiqi"]
[Black "Topalov, Aleksandar"]
[Result "1-0"]
[WhiteElo "2481"]
[BlackElo "2233"]
[PlyCount "69"]
[GameId "2107989757579480"]
[EventDate "2024.08.06"]
[EventType "swiss (blitz)"]
[EventRounds "11"]
[EventCountry "USA"]
[SourceTitle "EXT 2025"]
[Source "ChessBase"]
[SourceDate "2024.10.14"]
[SourceVersion "1"]
[SourceVersionDate "2024.10.14"]
[SourceQuality "1"]

1. e4 e6 2. d4 d5 3. e5 Ne7 4. Nf3 Qd7 5. Be2 b6 6. O-O Ba6 7. Nc3 Bxe2 8. Nxe2 c5 9. c3 Nbc6 10. Nf4 h5 11. h4 Nf5 12. g3 g6 13. Kg2 Be7 14. Nh3 Rc8 15. Bg5 Bxg5 16. Nhxg5 Kf8 17. Qd2 Kg7 18. Rac1 Na5 19. b3 Nc6 20. Rfd1 cxd4 21. cxd4 Qe7 22. Rc3 Qd7 23. Rdc1 Nce7 24. Nh3 Rxc3 25. Rxc3 Rc8 26. Rd3 Qc6 27. Qg5 Ng8 28. Nf4 Kf8 29. Nxg6+ fxg6 30. Qxg6 Qd7 31. Ng5 Rc6 32. Rf3 Qg7 33. Nxe6+ Rxe6 34. Qxe6 Nge7 35. Rxf5+ 1-0

[Event "Titled Tuesday intern op 06th Aug Late"]
[Site "Chess.com INT"]
[Date "2024.08.06"]
[Round "1"]
[White "Yang, Kaiqi"]
[Black "Panuganti, Kireet V"]
[Result "1-0"]
[WhiteElo "2481"]
[BlackElo "1984"]
[PlyCount "81"]
[GameId "2107989757604708"]
[EventDate "2024.08.06"]
[EventType "swiss (blitz)"]
[EventRounds "11"]
[EventCountry "USA"]
[SourceTitle "EXT 2025"]
[Source "ChessBase"]
[SourceDate "2024.10.14"]
[SourceVersion "1"]
[SourceVersionDate "2024.10.14"]
[SourceQuality "1"]

1. e4 c5 2. Nf3 d6 3. Bb5+ Bd7 4. Bxd7+ Qxd7 5. c4 Nc6 6. Nc3 Nf6 7. d4 cxd4 8. Nxd4 g6 9. f3 Bg7 10. Be3 O-O 11. Qd2 a6 12. a4 e6 13. Nde2 Qc7 14. Rc1 Qa5 15. O-O Rfd8 16. Rfd1 Ne5 17. b3 Qb4 18. Rb1 Rac8 19. Nd5 Qxd2 20. Nxf6+ Bxf6 21. Rxd2 Rd7 22. Rbd1 Be7 23. h3 h5 24. f4 Nc6 25. e5 d5 26. cxd5 exd5 27. Rxd5 Rxd5 28. Rxd5 Nb4 29. Rd7 Bf8 30. Rxb7 Nc2 31. Bf2 Rd8 32. Nc3 Rd3 33. Ne4 Nd4 34. Nf6+ Kg7 35. Kh2 Nxb3 36. Bh4 Nc5 37. Ra7 Rd4 38. Bg5 Nxa4 39. e6 Bb4 40. Rxf7+ Kh8 41. Rh7# 1-0

[Event "Titled Tuesday intern op 06th Aug Late"]
[Site "Chess.com INT"]
[Date "2024.08.06"]
[Round "4"]
[White "Egorov, Konstantin"]
[Black "Yang, Kaiqi"]
[Result "1-0"]
[WhiteElo "2081"]
[BlackElo "2481"]
[PlyCount "65"]
[GameId "2107989757625716"]
[EventDate "2024.08.06"]
[EventType "swiss (blitz)"]
[EventRounds "11"]
[EventCountry "USA"]
[SourceTitle "EXT 2025"]
[Source "ChessBase"]
[SourceDate "2024.10.14"]
[SourceVersion "1"]
[SourceVersionDate "2024.10.14"]
[SourceQuality "1"]

1. e4 c6 2. Ne2 d5 3. e5 g6 4. d4 Bg7 5. Ng3 h5 6. h4 Bg4 7. Be2 Bxe2 8. Qxe2 e6 9. Nd2 Nh6 10. Nf3 Nd7 11. c3 Qc7 12. Ng5 c5 13. Be3 Bf8 14. O-O Be7 15. Rac1 c4 16. b3 b5 17. bxc4 bxc4 18. Rb1 Nb6 19. Qc2 Nf5 20. Nxf5 gxf5 21. a4 Rb8 22. a5 Nd7 23. Rxb8+ Nxb8 24. Rb1 Nc6 25. a6 Nd8 26. Qa4+ Qd7 27. Qa5 O-O 28. Qa2 Bxg5 29. Bxg5 Kh7 30. Qe2 Kg6 31. Bf6 Rg8 32. Qf3 Qa4 33. Rb8 1-0

[Event "Titled Tuesday intern op 06th Aug Late"]
[Site "Chess.com INT"]
[Date "2024.08.06"]
[Round "5"]
[White "Yang, Kaiqi"]
[Black "Shafer, Logan Clark"]
[Result "1-0"]
[WhiteElo "2481"]
[BlackElo "2097"]
[PlyCount "163"]
[GameId "2107989757642476"]
[EventDate "2024.08.06"]
[EventType "swiss (blitz)"]
[EventRounds "11"]
[EventCountry "USA"]
[SourceTitle "EXT 2025"]
[Source "ChessBase"]
[SourceDate "2024.10.14"]
[SourceVersion "1"]
[SourceVersionDate "2024.10.14"]
[SourceQuality "1"]

1. e4 c6 2. d4 d5 3. e5 Bf5 4. h4 h5 5. Bd3 Bxd3 6. Qxd3 Qa5+ 7. b4 Qxb4+ 8. Nd2 e6 9. Rb1 Qe7 10. c4 Nh6 11. Ne2 Qd7 12. Ng3 g6 13. O-O Nf5 14. Nf3 Be7 15. Bg5 Bxg5 16. hxg5 O-O 17. c5 Qc7 18. Rfe1 Re8 19. Nxf5 exf5 20. e6 Rxe6 21. Rxe6 fxe6 22. Re1 Qe7 23. Qe3 Nd7 24. Nh4 Nf8 25. f4 b6 26. Nf3 bxc5 27. dxc5 Rb8 28. Kh2 Rb2 29. Re2 Qb7 30. Nd4 Rxe2 31. Qxe2 Qb1 32. Nxe6 Qe4 33. Qxe4 fxe4 34. Nd4 Nd7 35. Nxc6 Nxc5 36. Ne7+ Kf7 37. Nxd5 Ke6 38. Ne3 Nd3 39. g3 a5 40. Kg2 a4 41. Kf1 Nb4 42. a3 Na2 43. Ke2 Nc3+ 44. Kd2 Nb5 45. Nc4 Kf5 46. Ke3 Kg4 47. Kxe4 Kxg3 48. f5 gxf5+ 49. Kxf5 h4 50. g6 Nd4+ 51. Ke5 Nf3+ 52. Kf6 h3 53. g7 h2 54. g8=Q+ Kh3 55. Qh7+ Nh4 56. Qd3+ Kg2 57. Qe4+ Kg1 58. Qxh4 h1=Q 59. Qxh1+ Kxh1 60. Nb6 Kg2 61. Nxa4 Kf3 62. Nc5 Ke3 63. a4 Kd4 64. Nb3+ Kc4 65. a5 Kb5 66. Ke6 Kc6 67. Ke7 Kc7 68. Ke6 Kc6 69. Ke5 Kb5 70. Kd4 Kc6 71. Kc4 Kb7 72. Kb5 Ka7 73. Nd4 Ka8 74. Nc6 Kb7 75. a6+ Ka8 76. Na5 Ka7 77. Nc4 Ka8 78. Kb6 Kb8 79. Nd6 Ka8 80. Nb5 Kb8 81. a7+ Ka8 82. Nc7# 1-0